[Event "ICS rated blitz match"]
[Site "204.178.125.65"]
[Date "2001.09.12"]
[Round "?"]
[White "Hossa"]
[Black "LinuxKnight"]
[Result "0-1"]
[WhiteElo "2616"]
[BlackElo "2790"]
[PlyCount "84"]
[EventDate "2001.??.??"]

1. e4 e5 2. Nf3 Nf6 3. Nc3 Nc6 4. g3 Bc5 5. Bg2 d6 6. d3 a6 7. O-O O-O 8. Bg5
h6 9. Be3 Be6 10. Bxc5 dxc5 11. Nd2 Nd4 12. f4 Ng4 13. Nc4 exf4 14. Rxf4 b5 15.
h3 bxc4 16. hxg4 cxd3 17. Qxd3 Qg5 18. e5 Rab8 19. Ne4 Qe7 20. c3 Nc6 21. Qxa6
Nxe5 22. Qe2 Bxg4 23. Qc2 Rfe8 24. Nf2 Bd7 25. Qd2 Rbd8 26. Qc1 Qg5 27. Ne4 Qg6
28. Qf1 c4 29. Rh4 Nd3 30. Kh2 Bg4 31. Nd2 Nxb2 32. Qf4 h5 33. Nxc4 Nxc4 34.
Qxc4 Rd2 35. Rg1 Ree2 36. Qb5 Bf3 37. Qb8+ Kh7 38. Kh1 Rxg2 39. Rxg2 Rxg2 40.
Rf4 Rb2+ 41. Rxf3 Qb1+ 42. Rf1 Qxf1# {Hossa checkmated} 0-1

[Event "ICS rated blitz match"]
[Site "204.178.125.65"]
[Date "2001.09.12"]
[Round "?"]
[White "LinuxKnight"]
[Black "Hossa"]
[Result "1-0"]
[WhiteElo "2799"]
[BlackElo "2607"]
[PlyCount "145"]
[EventDate "2001.??.??"]

1. e4 e5 2. f4 exf4 3. Nf3 Be7 4. Bc4 Bh4+ 5. Kf1 d5 6. Bxd5 Nf6 7. Nc3 Ng4 8.
Qe2 O-O 9. d3 Nf2 10. Rg1 Ng4 11. Bxf4 c6 12. Bb3 Bf2 13. Rh1 Bb6 14. e5 Be6
15. Na4 Bxb3 16. axb3 Bc7 17. Ng5 Qc8 18. Qe4 g6 19. h3 Nh6 20. Kg1 Nd7 21. Nf3
Nf5 22. Rf1 b5 23. Nc3 Nc5 24. Qe1 Ne6 25. Qe4 Nc5 26. Qe1 Ne6 27. Be3 f6 28.
exf6 Ng3 29. Nh2 Nxf1 30. Qxf1 Bb6 31. Bxb6 axb6 32. Ng4 Kh8 33. Ne4 Qd7 34.
Qc1 Nd4 35. Kh2 Nf5 36. Re1 Qd4 37. Rf1 Ra2 38. Qg5 Ra7 39. Qc1 Ra2 40. Qg5 Ra7
41. Rb1 b4 42. Qf4 c5 43. Ne5 Qe3 44. Rf1 Qxf4+ 45. Rxf4 Ne3 46. Rh4 Kg8 47.
Nc6 Nf5 48. Nxa7 Nxh4 49. Nc6 Nf5 50. c3 bxc3 51. bxc3 Ra8 52. Ne5 Ne3 53. g4
Ra2+ 54. Kg3 Rb2 55. f7+ Kf8 56. Ng5 Nf1+ 57. Kf3 Ke7 58. Nxh7 Nh2+ 59. Ke3
Nf1+ 60. Ke4 Rf2 61. f8=Q+ Rxf8 62. Nxg6+ Kf7 63. Ngxf8 Nd2+ 64. Kf5 Nxb3 65.
g5 Nc1 66. g6+ Ke7 67. g7 Kf7 68. Ne6 Ne2 69. Nf6 Ke7 70. g8=Q Nd4+ 71. cxd4
Kd6 72. Qd8+ Kc6 73. Qd7# {Hossa checkmated} 1-0

[Event "ICS rated blitz match"]
[Site "204.178.125.65"]
[Date "2001.09.12"]
[Round "?"]
[White "QueenMaxima"]
[Black "Hossa"]
[Result "1/2-1/2"]
[WhiteElo "2574"]
[BlackElo "2599"]
[PlyCount "232"]
[EventDate "2001.??.??"]

1. e4 e5 2. Nf3 Nf6 3. Nc3 Nc6 4. Bb5 Nd4 5. Ba4 c6 6. Nxe5 d6 7. Nd3 b5 8. Bb3
a5 9. a3 Nxb3 10. cxb3 Be7 11. Nf4 Ba6 12. d3 O-O 13. O-O Qd7 14. Be3 Ng4 15.
Rc1 f5 16. exf5 Qxf5 17. Nce2 c5 18. Ng3 Qg5 19. Ne4 Qf5 20. Bd2 Bb7 21. Re1
Rae8 22. Ng3 Qc8 23. h3 Nxf2 24. Qe2 g5 25. Qxf2 gxf4 26. Bxf4 Bh4 27. Qd2 Re6
28. Rxe6 Qxe6 29. Ne4 Bxe4 30. dxe4 Qxe4 31. g3 Bf6 32. Kh2 Bd4 33. Re1 Qf3 34.
Qc2 Qb7 35. b4 cxb4 36. axb4 a4 37. Qd2 Qa7 38. Rd1 Be5 39. Qd5+ Qf7 40. Bxe5
dxe5 41. Kg2 Rc8 42. Kg1 Qxd5 43. Rxd5 Rc1+ 44. Kf2 Rc2+ 45. Kf3 Rxb2 46. Rxb5
a3 47. Rxe5 Rb3+ 48. Kf2 Rxb4 49. Ra5 Rb2+ 50. Ke3 a2 51. Ra7 Rh2 52. h4 Rg2
53. Kf3 Rd2 54. g4 Rc2 55. Kf4 Re2 56. Kf3 Rd2 57. Ke4 Rh2 58. Kf5 Re2 59. Kf6
Rf2+ 60. Ke5 Kf8 61. g5 Ke8 62. h5 Kf8 63. g6 Re2+ 64. Kf4 hxg6 65. hxg6 a1=R
66. Rxa1 Rf2+ 67. Kg5 Rg2+ 68. Kh5 Rh2+ 69. Kg4 Rg2+ 70. Kf5 Rf2+ 71. Ke5 Re2+
72. Kf6 Rf2+ 73. Ke6 Kg8 74. Ra7 Re2+ 75. Kf6 Rf2+ 76. Ke5 Re2+ 77. Kf4 Rf2+
78. Kg4 Rg2+ 79. Kh5 Rh2+ 80. Kg5 Rh1 81. Kf6 Rf1+ 82. Ke5 Re1+ 83. Kf4 Rg1 84.
Ra6 Rf1+ 85. Kg5 Rg1+ 86. Kf5 Rf1+ 87. Ke5 Re1+ 88. Kf6 Rf1+ 89. Ke6 Rf8 90.
Ra7 Re8+ 91. Kf6 Rf8+ 92. Rf7 Re8 93. Rc7 Rf8+ 94. Ke5 Re8+ 95. Kd6 Rd8+ 96.
Ke7 Rf8 97. Ke6 Re8+ 98. Kd5 Rd8+ 99. Ke4 Re8+ 100. Kf4 Rf8+ 101. Kg5 Rf3 102.
Re7 Rg3+ 103. Kf5 Rf3+ 104. Kg4 Rf2 105. Rd7 Rg2+ 106. Kf5 Rf2+ 107. Ke6 Re2+
108. Kf6 Rf2+ 109. Ke5 Re2+ 110. Kf4 Rf2+ 111. Ke4 Rg2 112. Rd6 Re2+ 113. Kf4
Rf2+ 114. Kg3 Rf1 115. Rd7 Rg1+ 116. Kh3 Rxg6 {Game drawn by the 50 move rule}
1/2-1/2

[Event "ICS rated blitz match"]
[Site "204.178.125.65"]
[Date "2001.09.12"]
[Round "?"]
[White "LinuxKnight"]
[Black "Hossa"]
[Result "1-0"]
[WhiteElo "2785"]
[BlackElo "2623"]
[PlyCount "89"]
[EventDate "2001.??.??"]

1. Nc3 c5 2. Nf3 d5 3. e4 d4 4. Na4 Qc7 5. c3 Qc6 6. Bd3 Bg4 7. Qb3 Nd7 8. cxd4
O-O-O 9. dxc5 Bxf3 10. gxf3 e6 11. Bb5 Nxc5 12. Bxc6 Nxb3 13. Bxb7+ Kxb7 14.
axb3 Rd3 15. Nc3 Rxf3 16. Ke2 Rh3 17. d3 Ne7 18. Be3 Nc6 19. Kf1 Bb4 20. d4 Ra8
21. Kg2 Rh4 22. f3 h6 23. d5 exd5 24. Nxd5 Rh5 25. Rhd1 Bd6 26. h3 Re5 27. b4
Re6 28. b5 Ne5 29. Ra6 Nc4 30. Bf2 Rg6+ 31. Kh1 Ne5 32. f4 Nc4 33. b3 Na3 34.
f5 Nxb5 35. Ra5 Rg5 36. Rxb5+ Kc6 37. Nc3 f6 38. Rbd5 Bg3 39. Rc5+ Kb6 40. Be3
Rh5 41. Rd7 Ka6 42. Rc6+ Ka5 43. Rd5+ Kb4 44. Rb5+ Ka3 45. Bc1# {
Hossa checkmated} 1-0

[Event "ICS rated blitz match"]
[Site "204.178.125.65"]
[Date "2001.09.12"]
[Round "?"]
[White "Hossa"]
[Black "DefaultSwap"]
[Result "1-0"]
[WhiteElo "2614"]
[BlackElo "2031"]
[PlyCount "45"]
[EventDate "2001.??.??"]

1. Nc3 g6 2. Nf3 Bg7 3. e4 c5 4. Bc4 Nc6 5. O-O Nd4 6. d3 d6 7. Nxd4 cxd4 8.
Ne2 Bd7 9. c3 dxc3 10. bxc3 Nf6 11. Qb3 O-O 12. Qxb7 Qa5 13. Rb1 Rab8 14. Qxb8
Rxb8 15. Rxb8+ Ne8 16. Bd2 h6 17. Rfb1 Kh7 18. Bxf7 Nf6 19. Nf4 h5 20. Bxg6+
Kh6 21. Bf7 Kg5 22. Ng6+ Kg4 23. f3# {DefaultSwap checkmated} 1-0

[Event "ICS rated blitz match"]
[Site "204.178.125.65"]
[Date "2001.09.12"]
[Round "?"]
[White "PostModernist"]
[Black "Hossa"]
[Result "1-0"]
[WhiteElo "2613"]
[BlackElo "2615"]
[PlyCount "71"]
[EventDate "2001.??.??"]

1. e4 e5 2. Nf3 Nf6 3. d4 exd4 4. Bc4 Nxe4 5. Qxd4 Nf6 6. Nc3 Nc6 7. Qd3 Be7 8.
Bg5 O-O 9. O-O-O d6 10. Rhe1 a5 11. h3 Bd7 12. a3 Re8 13. g4 Qc8 14. Nd5 Nxd5
15. Bxd5 Bf8 16. Be3 g6 17. Ng5 Nd8 18. Ne4 Bg7 19. Bd4 Nc6 20. Bxg7 Kxg7 21.
Bxc6 Bxc6 22. Qc3+ Re5 23. f4 f6 24. Nxf6 Kxf6 25. fxe5+ Kf7 26. exd6 cxd6 27.
Qc4+ d5 28. Rxd5 Kf8 29. Rf1+ Kg7 30. Rf7+ Kg8 31. Rd8+ Qxd8 32. Rd7+ Bd5 33.
Qxd5+ Kh8 34. Qe5+ Qf6 35. Qxf6+ Kg8 36. Qg7# {Hossa checkmated} 1-0

[Event "ICS rated blitz match"]
[Site "204.178.125.65"]
[Date "2001.09.12"]
[Round "?"]
[White "PostModernist"]
[Black "Hossa"]
[Result "1/2-1/2"]
[WhiteElo "2632"]
[BlackElo "2596"]
[PlyCount "90"]
[EventDate "2001.??.??"]

1. d4 d5 2. Nf3 Nf6 3. c4 dxc4 4. Nc3 c6 5. a4 Bf5 6. e3 e6 7. Bxc4 Bb4 8. O-O
Nbd7 9. Nh4 Bg6 10. f4 Bh5 11. Qb3 Qb6 12. Qc2 O-O 13. Bd2 c5 14. Nb5 a6 15. a5
Qc6 16. Na3 Bxd2 17. Qxd2 Ne4 18. Qd3 cxd4 19. exd4 Rfd8 20. h3 Rac8 21. g4 g5
22. fxg5 Ne5 23. Qe3 Nxc4 24. Nxc4 Qxc4 25. Qxe4 Bg6 26. Nxg6 hxg6 27. Qxb7 Rc7
28. Qb6 Qxd4+ 29. Rf2 Qe5 30. Raf1 Qg3+ 31. Rg2 Qe5 32. Qxa6 Qe3+ 33. Kh2 Rd3
34. Qb6 Qxh3+ 35. Kg1 Rdd7 36. a6 Rc8 37. a7 Rcd8 38. b3 Qc3 39. Rh2 Qg3+ 40.
Rg2 Qc3 41. b4 Ra8 42. Qb8+ Rd8 43. Qb6 Rd7 44. Qb8+ Rd8 45. Qb6 Rd7 {
Game drawn by repetition} 1/2-1/2

[Event "ICS rated blitz match"]
[Site "204.178.125.65"]
[Date "2001.09.12"]
[Round "?"]
[White "ChesterX"]
[Black "Hossa"]
[Result "0-1"]
[WhiteElo "2734"]
[BlackElo "2598"]
[PlyCount "85"]
[EventDate "2001.??.??"]

1. d4 d5 2. c4 c6 3. cxd5 cxd5 4. Bf4 e6 5. Nc3 Ne7 6. e3 Ng6 7. Bxb8 Rxb8 8.
Bb5+ Bd7 9. Qa4 a6 10. Bxd7+ Qxd7 11. Qxd7+ Kxd7 12. a3 b5 13. b4 Bd6 14. Nge2
Rbc8 15. O-O Rc4 16. Rac1 Rhc8 17. f3 Ne7 18. Rfd1 h5 19. e4 g5 20. e5 Bc7 21.
Rd3 Bb6 22. Rcd1 h4 23. Kf1 Nf5 24. R1d2 Nxd4 25. Nxd5 exd5 26. Nxd4 Bxd4 27.
Rxd4 Rxd4 28. Rxd4 Ke6 29. f4 Rc4 30. Rxc4 bxc4 31. fxg5 Kxe5 32. a4 c3 33. Ke2
Kd4 34. b5 axb5 35. axb5 Kc5 36. b6 Kxb6 37. Kd3 d4 38. Kc2 Kc5 39. Kb3 Kd5 40.
g6 fxg6 41. Kc2 Kc4 42. Kc1 d3 43. Kb1 {ChesterX resigns} 0-1

[Event "ICS rated blitz match"]
[Site "204.178.125.65"]
[Date "2001.09.12"]
[Round "?"]
[White "Hossa"]
[Black "Interceptor"]
[Result "0-1"]
[WhiteElo "2620"]
[BlackElo "2884"]
[PlyCount "82"]
[EventDate "2001.??.??"]

1. e4 c5 2. Nf3 d6 3. d4 cxd4 4. Nxd4 Nf6 5. Nc3 a6 6. Be2 e5 7. Nb3 Be7 8. O-O
O-O 9. Kh1 Be6 10. f4 Qc7 11. Be3 Nbd7 12. f5 Bc4 13. Bxc4 Qxc4 14. Qf3 b5 15.
a3 a5 16. Nd2 Qc6 17. Bg5 Nb6 18. Qe2 Rfc8 19. Bxf6 Bxf6 20. Nxb5 Qxc2 21. Nxd6
Rc6 22. Rac1 Qxc1 23. Rxc1 Rxc1+ 24. Nf1 Rd8 25. Qb5 Be7 26. Nb7 Nc4 27. h4
Rdd1 28. Qe8+ Bf8 29. Nd8 Rxf1+ 30. Kh2 Nd6 31. Qxe5 Rce1 32. Qd4 Rh1+ 33. Kg3
Nxe4+ 34. Kg4 h5+ 35. Kxh5 Be7 36. Nxf7 Rxh4+ 37. Kg6 Rg4+ 38. Kh5 Rxg2 39.
Nh6+ Kh7 40. Qd1 Rxd1 41. a4 Rh1# {Hossa checkmated} 0-1

[Event "ICS rated blitz match"]
[Site "204.178.125.65"]
[Date "2001.09.12"]
[Round "?"]
[White "PostModernist"]
[Black "Hossa"]
[Result "1-0"]
[WhiteElo "2636"]
[BlackElo "2614"]
[PlyCount "84"]
[EventDate "2001.??.??"]

1. e4 e5 2. Nf3 Nf6 3. d4 exd4 4. e5 Ne4 5. Qxd4 d5 6. exd6 Nxd6 7. Bg5 f6 8.
Be3 Nc6 9. Qa4 Bd7 10. Nbd2 Nf5 11. O-O-O Nxe3 12. fxe3 Bc5 13. Qb3 Qe7 14.
Qxb7 Rb8 15. Qa6 Rb6 16. Qd3 Nb4 17. Qb3 Bxe3 18. Re1 Re6 19. Bc4 Re4 20. a3
Nc6 21. Bd5 Bxd2+ 22. Kxd2 Re5 23. Kc1 Rf8 24. Nxe5 Nxe5 25. Qb8+ Qd8 26. Qxa7
Bg4 27. h3 Bh5 28. Qa4+ Ke7 29. Bb3 g5 30. h4 g4 31. Rxe5+ fxe5 32. Qe4 Qe8 33.
Qxe5+ Kd8 34. Qd5+ Kc8 35. Qa8+ Kd7 36. Rd1+ Ke7 37. Qd5 Rf5 38. Qxf5 h6 39.
Qe6+ Kf8 40. Qf6+ Bf7 41. Rd8 Kg8 42. Qxf7+ Kh8 {Hossa resigns} 1-0

[Event "ICS rated blitz match"]
[Site "204.178.125.65"]
[Date "2001.09.12"]
[Round "?"]
[White "Hossa"]
[Black "PostModernist"]
[Result "1-0"]
[WhiteElo "2599"]
[BlackElo "2651"]
[PlyCount "109"]
[EventDate "2001.??.??"]

1. e4 c5 2. Nf3 Nc6 3. Bb5 e5 4. O-O Nf6 5. Bxc6 dxc6 6. Nxe5 Bd6 7. Nf3 Bg4 8.
h3 Bxf3 9. Qxf3 Bc7 10. d3 Qd6 11. g3 O-O 12. Be3 Rfe8 13. Nd2 Qe6 14. Qg2 b6
15. a4 Be5 16. Nc4 Bd4 17. Bf4 Nh5 18. Bc1 b5 19. Ne3 b4 20. Nc4 Nf6 21. Bd2
Rad8 22. Rfe1 Be5 23. f4 Bc7 24. f5 Qe7 25. e5 Nd5 26. Qf3 Kh8 27. Qg4 Qf8 28.
Bg5 Rb8 29. Bh4 b3 30. c3 a5 31. Qh5 Qg8 32. Re4 g6 33. Qg5 Bd8 34. f6 Qf8 35.
Qg4 Bc7 36. Bg5 h6 37. Qh4 Kh7 38. Bd2 Ra8 39. Ra3 Rab8 40. Qg4 Re6 41. Qe2 Kg8
42. Bc1 h5 43. Bg5 Qe8 44. Ra1 Kh7 45. Rd1 Kh8 46. Bh6 Kg8 47. Re1 Qd7 48. Qd2
Ree8 49. Kg2 Nb6 50. Bg7 g5 51. Qxg5 Qf5 52. Qxf5 Rxe5 53. Rxe5 Nd7 54. Qxh5
Nxe5 55. Qh8# {PostModernist checkmated} 1-0

[Event "ICS rated blitz match"]
[Site "204.178.125.65"]
[Date "2001.09.12"]
[Round "?"]
[White "QueenMaxima"]
[Black "Hossa"]
[Result "0-1"]
[WhiteElo "2555"]
[BlackElo "2617"]
[PlyCount "50"]
[EventDate "2001.??.??"]

1. e4 e5 2. Nf3 Nc6 3. Bc4 Nf6 4. Ng5 d5 5. exd5 Na5 6. Bb5+ Bd7 7. Qe2 Be7 8.
Bxd7+ Qxd7 9. Nc3 Nxd5 10. Qxe5 Nxc3 11. Qxg7 O-O-O 12. Qxc3 Bxg5 13. Qxa5
Rhe8+ 14. Kd1 Qg4+ 15. f3 Qxg2 16. c4 Qxf3+ 17. Kc2 Qe4+ 18. Kd1 Qxh1+ 19. Kc2
Qe4+ 20. Kd1 Qf3+ 21. Kc2 Qd3+ 22. Kd1 Bh4 23. Qf5+ Qxf5 24. d4 Rxd4+ 25. Bd2
Re1# {QueenMaxima checkmated} 0-1

[Event "ICS rated blitz match"]
[Site "204.178.125.65"]
[Date "2001.09.12"]
[Round "?"]
[White "Hossa"]
[Black "QueenMaxima"]
[Result "1-0"]
[WhiteElo "2630"]
[BlackElo "2542"]
[PlyCount "141"]
[EventDate "2001.??.??"]

1. e4 a5 2. d4 d5 3. e5 Nc6 4. Bb5 Bd7 5. Nc3 e6 6. Nf3 Bb4 7. a4 Nge7 8. O-O
h6 9. Ne2 Nf5 10. c3 Be7 11. Bd3 Nh4 12. Nxh4 Bxh4 13. b3 Be7 14. Be3 Rc8 15.
Ng3 O-O 16. Qc2 Na7 17. Nh5 c5 18. Rfd1 cxd4 19. Bxd4 Nc6 20. Be3 Nxe5 21. Bh7+
Kh8 22. Bd4 Qc7 23. Qe2 Nc6 24. Bxg7+ Kxh7 25. Bxf8 Rxf8 26. Rd3 Rg8 27. Re1
Bg5 28. Rf3 f5 29. Rd3 Qb6 30. Rg3 Bc8 31. Qd1 Qc5 32. Rd3 Bd7 33. Qf3 Qb6 34.
Qd1 Bh4 35. Re2 Qc5 36. Nf4 Ne5 37. Rh3 Rg4 38. Nh5 Be8 39. Rxh4 Nf3+ 40. Kf1
Rxh4 41. Nf6+ Kh8 42. gxf3 Bf7 43. Qd3 Kg7 44. Nd7 Qc7 45. Ne5 Rxh2 46. f4 Rh1+
47. Kg2 Rc1 48. Qg3+ Kh7 49. Re3 Bh5 50. Qh4 Be8 51. Rg3 b6 52. Qf6 Rxc3 53.
Rxc3 Qg7+ 54. Qxg7+ Kxg7 55. Rc8 Bh5 56. Rc7+ Kf6 57. Rh7 Be8 58. Rxh6+ Ke7 59.
Rh7+ Kf6 60. Rb7 b5 61. axb5 Bh5 62. b6 d4 63. Rh7 Be8 64. b7 Bc6+ 65. Nxc6 e5
66. fxe5+ Kg6 67. Rd7 f4 68. b8=Q Kf5 69. Qf8+ Kg6 70. Rg7+ Kh6 71. Qh8# {
QueenMaxima checkmated} 1-0

[Event "ICS rated blitz match"]
[Site "204.178.125.65"]
[Date "2001.09.12"]
[Round "?"]
[White "QueenMaxima"]
[Black "Hossa"]
[Result "0-1"]
[WhiteElo "2530"]
[BlackElo "2642"]
[PlyCount "80"]
[EventDate "2001.??.??"]

1. e4 c5 2. Nc3 Nc6 3. Nf3 Nf6 4. b3 d5 5. exd5 Nxd5 6. Bb2 Nf4 7. Ne2 Ng6 8.
Ng3 Nf4 9. Ne2 Ng6 10. Ng3 Nf4 11. a4 Qc7 12. Ne4 Bf5 13. Nxc5 Nb4 14. Bb5+ Kd8
15. Ne5 Bg6 16. Nxg6 hxg6 17. d4 Nxg2+ 18. Kf1 Nh4 19. Ba3 Nd5 20. h3 e6 21. c4
Nf4 22. a5 a6 23. Ba4 g5 24. Qg4 Be7 25. d5 Bxc5 26. Bxc5 Kc8 27. Qxg5 f6 28.
Qg4 g5 29. Bb6 Qh7 30. Qd1 Qe4 31. f3 Nxf3 32. dxe6 Nd2+ 33. Kf2 Nxh3+ 34. Rxh3
Rxh3 35. Bd7+ Kb8 36. Bc6 bxc6 37. Bc7+ Kxc7 38. Qf3 Rxf3+ 39. Kg2 Qg4+ 40. Kh2
Rh8# {QueenMaxima checkmated} 0-1

[Event "ICS rated blitz match"]
[Site "204.178.125.65"]
[Date "2001.09.12"]
[Round "?"]
[White "Hossa"]
[Black "QueenMaxima"]
[Result "1-0"]
[WhiteElo "2653"]
[BlackElo "2519"]
[PlyCount "167"]
[EventDate "2001.??.??"]

1. e4 a5 2. d4 Nf6 3. Bd3 d6 4. Nf3 Nc6 5. O-O Bg4 6. Bb5 Nd7 7. d5 Na7 8. Be2
g6 9. Qd4 Nf6 10. Bd2 c5 11. Qd3 Bg7 12. Na3 O-O 13. Nc4 b6 14. a4 Qc7 15. Rfe1
Rad8 16. Bf4 Rfe8 17. Ng5 Bxe2 18. Rxe2 h6 19. Nh3 Ng4 20. Qf3 Nf6 21. e5 dxe5
22. Bxe5 Qb7 23. Nf4 Kf8 24. Rae1 Nc8 25. Bc3 g5 26. Bxf6 Bxf6 27. Nh5 Bh8 28.
Re6 Qxd5 29. Rxh6 Bg7 30. Qxd5 Rxd5 31. Rh7 Bd4 32. c3 Kg8 33. Rh6 Bh8 34. Rc6
Rd3 35. Nxb6 Nxb6 36. Rxb6 Red8 37. Kf1 e5 38. Rb5 c4 39. Rxa5 Rb8 40. Rb5 Rxb5
41. axb5 Rd5 42. g4 Rxb5 43. Re2 Kh7 44. Ng3 Kg6 45. Nf5 Rc5 46. Kg2 Bf6 47.
Kf3 Rc6 48. Rxe5 Bxe5 49. Ne7+ Kf6 50. Nxc6 Ke6 51. Ke4 Bxh2 52. Na5 Be5 53.
Nxc4 Bh2 54. b3 Bg1 55. f3 Bf2 56. Na3 Bg3 57. c4 Be1 58. Nc2 Bc3 59. Ne3 f6
60. Nd5 Bb2 61. b4 Bc1 62. c5 Ba3 63. c6 Kd6 64. b5 Bb2 65. Kf5 Bd4 66. c7 Kd7
67. b6 Bxb6 68. Nxb6+ Kxc7 69. f4 Kxb6 70. fxg5 fxg5 71. Kxg5 Kc6 72. Kg6 Kc5
73. g5 Kd5 74. Kf6 Kd4 75. g6 Ke4 76. g7 Kd5 77. g8=Q+ Kd4 78. Qg3 Ke4 79. Qc3
Kd5 80. Qb4 Kc6 81. Ke6 Kc7 82. Qb5 Kc8 83. Kd6 Kd8 84. Qb8# {
QueenMaxima checkmated} 1-0

[Event "ICS rated blitz match"]
[Site "204.178.125.65"]
[Date "2001.09.12"]
[Round "?"]
[White "Tinker"]
[Black "Hossa"]
[Result "0-1"]
[WhiteElo "2488"]
[BlackElo "2663"]
[PlyCount "142"]
[EventDate "2001.??.??"]

1. e4 e6 2. d4 d5 3. Nc3 Bb4 4. e5 c5 5. a3 Bxc3+ 6. bxc3 Ne7 7. Nf3 Qc7 8. a4
Nbc6 9. Ba3 cxd4 10. cxd4 Bd7 11. Qd2 f6 12. Bd6 Qa5 13. Qxa5 Nxa5 14. Bd3 Nc4
15. exf6 gxf6 16. Bg3 Nb2 17. Bb5 Bxb5 18. axb5 Kf7 19. O-O Nc4 20. Ra2 a5 21.
bxa6 bxa6 22. Rb1 Rhg8 23. Rb7 a5 24. c3 a4 25. Ne1 Rgc8 26. Bf4 e5 27. dxe5
Nxe5 28. Bd2 Rc5 29. Nc2 Nc4 30. Bf4 Rca5 31. Nd4 R5a7 32. Rb1 a3 33. Bc1 Nc8
34. Rb5 N8b6 35. Rb3 Na4 36. Nf5 Nc5 37. Rb5 Nd3 38. Bh6 Rd7 39. Nh4 Re8 40.
Rb1 d4 41. cxd4 Nb4 42. Raa1 Nc2 43. Ra2 Nxd4 44. Kf1 Ra7 45. Rc1 Ra4 46. Bf4
Rc8 47. Re1 f5 48. Bh6 Kf6 49. Bf4 Ne6 50. Bc1 Rg8 51. Nf3 Ra6 52. Rd1 Rc8 53.
Kg1 Ra7 54. Ne1 Rca8 55. Nc2 Nc5 56. Rd4 Ra4 57. Rd5 Nb3 58. Bf4 Rc8 59. Rd3
Nc5 60. Rh3 Rd8 61. Ne1 Rd1 62. Kf1 Nb2 63. Bc7 Nbd3 64. Re3 f4 65. Rxd3 Nxd3
66. Ke2 Nb2 67. Kf1 Re4 68. Ba5 Nd3 69. Re2 Rxe1+ 70. Bxe1 Rxe2 71. Bc3+ Re5 {
Tinker resigns} 0-1

[Event "ICS rated blitz match"]
[Site "204.178.125.65"]
[Date "2001.09.12"]
[Round "?"]
[White "Subcomandante"]
[Black "Hossa"]
[Result "0-1"]
[WhiteElo "2073"]
[BlackElo "2652"]
[PlyCount "84"]
[EventDate "2001.??.??"]

1. d4 d5 2. c3 Nc6 3. Nf3 Nf6 4. Bg5 Ne4 5. Bf4 e6 6. Nbd2 Bd6 7. Bxd6 cxd6 8.
e3 e5 9. dxe5 Nxd2 10. Qxd2 dxe5 11. Bb5 f6 12. O-O-O Be6 13. Kb1 O-O 14. Ba4
Qa5 15. Bb3 Rfd8 16. h3 b5 17. a3 Qb6 18. e4 Ne7 19. exd5 Nxd5 20. Bxd5 Bxd5
21. Qe3 Qc6 22. Rhe1 Qc4 23. Nd2 Qa2+ 24. Kc1 a5 25. Kc2 Bf7 26. Ra1 Rxd2+ 27.
Qxd2 Bg6+ 28. Kd1 Qxa1+ 29. Ke2 Qa2 30. Ra1 Qxa1 31. Qd5+ Kf8 32. Qxa8+ Be8 33.
Qxa5 Qxb2+ 34. Ke3 Qc1+ 35. Ke2 Qc2+ 36. Ke3 f5 37. Qb4+ Kf7 38. Qc5 f4+ 39.
Kf3 Qd3+ 40. Kg4 Bd7+ 41. Kg5 Qg6+ 42. Kh4 Qh6# {Subcomandante checkmated} 0-1

[Event "ICS rated blitz match"]
[Site "204.178.125.65"]
[Date "2001.09.12"]
[Round "?"]
[White "Hossa"]
[Black "Tinker"]
[Result "1-0"]
[WhiteElo "2665"]
[BlackElo "2476"]
[PlyCount "45"]
[EventDate "2001.??.??"]

1. e4 c5 2. Nf3 d6 3. d4 cxd4 4. Nxd4 Nf6 5. Nc3 a6 6. Be2 e5 7. Nb3 Be7 8. O-O
Be6 9. f4 Qc7 10. Kh1 O-O 11. f5 Bc4 12. g4 Bxb3 13. axb3 d5 14. exd5 Ne8 15.
g5 Nd7 16. Ra4 Qd6 17. Rh4 Nc5 18. b4 Nd7 19. Qd3 Rd8 20. f6 Ndxf6 21. gxf6 g6
22. Ne4 Qd7 23. fxe7 {Tinker resigns} 1-0

[Event "ICS rated blitz match"]
[Site "204.178.125.65"]
[Date "2001.09.12"]
[Round "?"]
[White "Tinker"]
[Black "Hossa"]
[Result "1-0"]
[WhiteElo "2468"]
[BlackElo "2673"]
[PlyCount "130"]
[EventDate "2001.??.??"]

1. e4 c5 2. Nf3 d6 3. d4 cxd4 4. Nxd4 Nf6 5. Nc3 e6 6. Be2 Be7 7. O-O O-O 8. f4
Nc6 9. Be3 e5 10. Nb3 a5 11. a4 Nb4 12. Kh1 Be6 13. Qd2 Rc8 14. Bf3 exf4 15.
Bxf4 Bxb3 16. cxb3 Nc6 17. Nd5 Nxd5 18. Qxd5 b6 19. Rac1 Nb4 20. Qd4 Rxc1 21.
Rxc1 Qb8 22. Bh5 Na6 23. e5 dxe5 24. Bxe5 Qd8 25. Bxg7 Qxd4 26. Bxd4 Nc5 27.
Rf1 Nd7 28. Rf5 f6 29. Rd5 Rd8 30. Rb5 Rc8 31. Be3 Bc5 32. Bxc5 Rxc5 33. Rxc5
Nxc5 34. Be2 Kg7 35. Bc4 Kg6 36. Kg1 Kf5 37. Kf1 Ke5 38. Bg8 h6 39. Ke2 f5 40.
g3 f4 41. gxf4+ Kxf4 42. Bc4 Ke4 43. Kd2 Kd4 44. Bf7 Nd3 45. Bh5 Ne5 46. Kc2
Kc5 47. Kc3 b5 48. axb5 Kxb5 49. Kd4 Kb4 50. Kxe5 Kxb3 51. Bf7+ Kxb2 52. Kf6
Kc3 53. Kg6 h5 54. h4 Kd4 55. Kxh5 a4 56. Kg5 Ke5 57. h5 Kd6 58. h6 Ke7 59. Kg6
Kd6 60. h7 Ke5 61. h8=Q+ Ke4 62. Qc3 Kf4 63. Bd5 a3 64. Qd4+ Kg3 65. Qe3+ Kg4 {
Hossa resigns} 1-0

[Event "ICS rated blitz match"]
[Site "204.178.125.65"]
[Date "2001.09.12"]
[Round "?"]
[White "Hossa"]
[Black "Tinker"]
[Result "1-0"]
[WhiteElo "2649"]
[BlackElo "2492"]
[PlyCount "93"]
[EventDate "2001.??.??"]

1. e4 c5 2. Nf3 d6 3. d4 cxd4 4. Nxd4 Nf6 5. Nc3 a6 6. Be2 e5 7. Nb3 Be7 8. O-O
Be6 9. Be3 O-O 10. Qd2 Nbd7 11. Rfd1 Rc8 12. f3 Qc7 13. Bg5 Qd8 14. Rac1 b5 15.
a3 Re8 16. Be3 Bxb3 17. cxb3 Nc5 18. Qc2 Qd7 19. b4 Na4 20. Qd2 Nxc3 21. bxc3
Rc6 22. a4 bxa4 23. b5 Rc7 24. bxa6 Qc6 25. Ra1 Ra8 26. Bd3 d5 27. exd5 Qxc3
28. Qxc3 Rxc3 29. a7 a3 30. Bf2 Bd6 31. Rac1 Rxc1 32. Rxc1 Bb4 33. Ba6 Nxd5 34.
Bb7 Rxa7 35. Rc8+ Bf8 36. Bc5 g5 37. Rxf8+ Kg7 38. Rxf7+ Kg6 39. Bxd5 Rxf7 40.
Bxf7+ Kxf7 41. Bxa3 h5 42. Kf2 Kf6 43. Ke3 Kf5 44. Bb2 h4 45. g4+ Ke6 46. Ke4
h3 47. Bxe5 {Tinker resigns} 1-0

[Event "ICS rated blitz match"]
[Site "204.178.125.65"]
[Date "2001.09.12"]
[Round "?"]
[White "Tinker"]
[Black "Hossa"]
[Result "1/2-1/2"]
[WhiteElo "2483"]
[BlackElo "2668"]
[PlyCount "124"]
[EventDate "2001.??.??"]

1. e4 c5 2. Nf3 d6 3. d4 cxd4 4. Nxd4 Nf6 5. Nc3 a6 6. Be2 e5 7. Nb3 Be7 8. O-O
O-O 9. Be3 b6 10. Bc4 Be6 11. Bxe6 fxe6 12. Qe2 Nbd7 13. Qc4 Kf7 14. Bg5 Qc8
15. Qd3 Kg8 16. Qh3 Nc5 17. Nxc5 bxc5 18. Kh1 Qd7 19. Rab1 Bd8 20. a3 Rb8 21.
b4 cxb4 22. axb4 Rc8 23. Rfe1 Bb6 24. Bxf6 Bxf2 25. Bg5 Bxe1 26. Rxe1 Rc4 27.
Qd3 Qc6 28. Bd2 Rd4 29. Qe2 Rxb4 30. Qg4 Qc4 31. Rg1 Kh8 32. Qh4 Rb7 33. Qe1
Rb2 34. Nd1 Rxc2 35. Ne3 Qxe4 36. Nxc2 Qxc2 37. Rf1 Rxf1+ 38. Qxf1 Kg8 39. Bb4
Qc7 40. Qd1 d5 41. Be1 Qc4 42. Bf2 d4 43. Qh5 Qb5 44. Qh3 Qf1+ 45. Bg1 Qc4 46.
Qa3 Qc6 47. Qb4 Kf7 48. Qe1 Qb5 49. Qe4 g6 50. Qf3+ Ke7 51. Qa3+ Kd7 52. Qh3 h5
53. Qg3 d3 54. Qxg6 d2 55. Qf7+ Kd6 56. Qf8+ Kc7 57. Qe7+ Qd7 58. Qc5+ Kd8 59.
Qf8+ Kc7 60. Qc5+ Kd8 61. Qf8+ Kc7 62. Qc5+ Kd8 {Game drawn by repetition}
1/2-1/2

[Event "ICS rated blitz match"]
[Site "204.178.125.65"]
[Date "2001.09.12"]
[Round "?"]
[White "Hossa"]
[Black "FRA"]
[Result "1-0"]
[WhiteElo "2660"]
[BlackElo "2028"]
[PlyCount "87"]
[EventDate "2001.??.??"]

1. e4 e6 2. d4 d5 3. Nc3 Nf6 4. exd5 exd5 5. Bg5 c6 6. Bd3 Be7 7. Nf3 Bg4 8.
O-O O-O 9. Re1 Nbd7 10. h3 Bh5 11. Bf4 Re8 12. g4 Bg6 13. Bxg6 hxg6 14. Qd2 Nf8
15. Ng5 Bd6 16. Rxe8 Nxe8 17. Re1 Nf6 18. Bxd6 Qxd6 19. f4 N8h7 20. Nf3 Kf8 21.
Re3 Re8 22. Rxe8+ Nxe8 23. g5 Nc7 24. Qe3 Ne6 25. Ne2 Kg8 26. b3 Nhf8 27. c4 f6
28. Kg2 fxg5 29. fxg5 Nd7 30. c5 Qe7 31. b4 Kf8 32. Nf4 Nxf4+ 33. Qxf4+ Qf7 34.
Qc7 a6 35. Qxb7 Qf5 36. Qxc6 Qc2+ 37. Kg3 Ke7 38. Qd6+ Ke8 39. c6 Qf5 40. c7
Nb6 41. Qxb6 Qc8 42. Qb8 Kd7 43. Ne5+ Kd6 44. Qxc8 {FRA resigns} 1-0